书目信息 |
| 题名: |
幸福的人不看钟
|
|
| 作者: | 殷熙耕, 著 ;张纬 译 | |
| 分册: | ||
| 出版信息: | 武汉 华中科技大学出版社 2016.1 |
|
| 页数: | 247页 | |
| 开本: | 21cm | |
| 丛书名: | ||
| 单 册: | ||
| 中图分类: | I312.645 | |
| 科图分类: | ||
| 主题词: | 中篇小说--zhong pian xiao shuo--小说集--韩国--现代 , 短篇小说--duan pian xiao shuo--小说集--韩国--现代 | |
| 电子资源: | ||
| ISBN: | 978-7-5680-1257-7 | |
| 000 | 01047nam0 2200265 450 | |
| 001 | 0100004539 | |
| 005 | 20160305140352.6 | |
| 010 | @a978-7-5680-1257-7@dCNY29.00 | |
| 100 | @a20160112d2016 em y0chiy0121 ea | |
| 101 | 1 | @achi@ckor |
| 102 | @aCN@b420000 | |
| 105 | @ay z 000ay | |
| 106 | @ar | |
| 200 | 1 | @a幸福的人不看钟@Axing fu de ren bu kan zhong@f(韩) 殷熙耕著@g张纬译 |
| 210 | @a武汉@c华中科技大学出版社@d2016.1 | |
| 215 | @a247页@d21cm | |
| 306 | @a本书由韩国文学翻译院资助翻译及出版 | |
| 330 | @a本小说集中收录了7篇中短篇小说, 其中《显然不道德的爱情》、《瘀青》和《抒情时代》延续了作家之前作品的主题和风格, 受到文学批评界的一致好评。尤其是《显然不道德的爱情》和《瘀青》, 是这部小说集中最受评论家推重的两部中篇小说。 | |
| 606 | 0 | @a中篇小说@Azhong pian xiao shuo@x小说集@y韩国@z现代 |
| 606 | 0 | @a短篇小说@Aduan pian xiao shuo@x小说集@y韩国@z现代 |
| 690 | @aI312.645@v5 | |
| 701 | 0 | @a殷熙耕,@Ayin yi geng@f1959-@4著 |
| 702 | 0 | @a张纬@Azhang wei@4译 |
| 801 | 0 | @aCN@c20160515 |
| 905 | @a河南城建学院图书馆@dI312.645@eY583 | |
| 幸福的人不看钟/(韩) 殷熙耕著/张纬译.-武汉:华中科技大学出版社,2016.1 |
| 247页;21cm |
| ISBN 978-7-5680-1257-7:CNY29.00 |
| 本小说集中收录了7篇中短篇小说, 其中《显然不道德的爱情》、《瘀青》和《抒情时代》延续了作家之前作品的主题和风格, 受到文学批评界的一致好评。尤其是《显然不道德的爱情》和《瘀青》, 是这部小说集中最受评论家推重的两部中篇小说。 |
| ● |
| 相关链接 |
|
|
|
正题名:幸福的人不看钟
索取号:I312.645/Y583
 
预约/预借
| 序号 | 登录号 | 条形码 | 馆藏地/架位号 | 状态 | 备注 |
| 1 | 1253045 | 212530457 | 社科二线422/422社科库 7排1列6层/ [索取号:I312.645/Y583] | 在馆 | |
| 2 | 1253046 | 212530466 | 社科二线422/422社科库 7排2列5层/ [索取号:I312.645/Y583] | 在馆 | |
| 3 | 1253047 | 212530475 | 文学库116/116文学库 13排6列2层/ [索取号:I312.645/Y583] | 在馆 |